<?xml version="1.0" encoding="UTF-8"?>
<record
    xmlns:xsi="http://www.w3.org/2001/XMLSchema-instance"
    xsi:schemaLocation="http://www.loc.gov/MARC21/slim http://www.loc.gov/standards/marcxml/schema/MARC21slim.xsd"
    xmlns="http://www.loc.gov/MARC21/slim">

  <leader>03151nam a2200553Ia 4500</leader>
  <controlfield tag="001">415</controlfield>
  <controlfield tag="008">241029s9999    xx            000 0 und d</controlfield>
  <datafield tag="010" ind1=" " ind2=" ">
    <subfield code="a">381</subfield>
  </datafield>
  <datafield tag="041" ind1=" " ind2=" ">
    <subfield code="a">Espa&#xF1;ol</subfield>
  </datafield>
  <datafield tag="082" ind1=" " ind2=" ">
    <subfield code="a">T 378.0071 S714c  2010  11-021200-T e.2</subfield>
  </datafield>
  <datafield tag="245" ind1=" " ind2="0">
    <subfield code="a">Conocimientos, actitudes y pr&#xE1;cticas de los profesores de Ciencias Jur&#xED;dicas con relaci&#xF3;n a los m&#xE9;todos y t&#xE9;cnicas de ense&#xF1;anza-aprendizaje, extensi&#xF3;n La Romana, semestre mayo-agosto 2008.</subfield>
  </datafield>
  <datafield tag="260" ind1=" " ind2=" ">
    <subfield code="a">San Pedro de Macor&#xED;s</subfield>
  </datafield>
  <datafield tag="300" ind1=" " ind2=" ">
    <subfield code="a">58</subfield>
  </datafield>
  <datafield tag="520" ind1=" " ind2=" ">
    <subfield code="a">20</subfield>
  </datafield>
  <datafield tag="630" ind1=" " ind2=" ">
    <subfield code="a">Actitudes</subfield>
  </datafield>
  <datafield tag="630" ind1=" " ind2=" ">
    <subfield code="a">M&#xE9;todos</subfield>
  </datafield>
  <datafield tag="630" ind1=" " ind2=" ">
    <subfield code="a">Pr&#xE1;ctica Docente</subfield>
  </datafield>
  <datafield tag="650" ind1=" " ind2=" ">
    <subfield code="a">Metodolog&#xED;a</subfield>
  </datafield>
  <datafield tag="690" ind1=" " ind2=" ">
    <subfield code="a">Elaborado</subfield>
  </datafield>
  <datafield tag="700" ind1=" " ind2=" ">
    <subfield code="e">asesor</subfield>
    <subfield code="a">Joa Espinal, David</subfield>
  </datafield>
  <datafield tag="700" ind1=" " ind2=" ">
    <subfield code="e">autor</subfield>
    <subfield code="a">Sori Rodr&#xED;guez, Agueda Alejandra </subfield>
  </datafield>
  <datafield tag="700" ind1=" " ind2=" ">
    <subfield code="e">autor</subfield>
    <subfield code="a">Lajara Matos, Danilsa Isabel </subfield>
  </datafield>
  <datafield tag="901" ind1=" " ind2=" ">
    <subfield code="a">{"1":"Sori Rodr&#xED;guez","2":"Lajara Matos"}</subfield>
    <subfield code="b">{"1":"Agueda Alejandra ","2":"Danilsa Isabel "}</subfield>
  </datafield>
  <datafield tag="902" ind1=" " ind2=" ">
    <subfield code="a">1</subfield>
  </datafield>
  <datafield tag="903" ind1=" " ind2=" ">
    <subfield code="a">{"1":"Joa Espinal"}</subfield>
    <subfield code="b">{"1":"David"}</subfield>
  </datafield>
  <datafield tag="904" ind1=" " ind2=" ">
    <subfield code="a">Mag&#xED;ster en</subfield>
  </datafield>
  <datafield tag="905" ind1=" " ind2=" ">
    <subfield code="a">Ense&#xF1;anza Superior</subfield>
  </datafield>
  <datafield tag="906" ind1=" " ind2=" ">
    <subfield code="a">1</subfield>
  </datafield>
  <datafield tag="907" ind1=" " ind2=" ">
    <subfield code="a">Menci&#xF3;n en</subfield>
  </datafield>
  <datafield tag="908" ind1=" " ind2=" ">
    <subfield code="a">Docencia</subfield>
  </datafield>
  <datafield tag="909" ind1=" " ind2=" ">
    <subfield code="a">Universidad Central del Este (UCE)</subfield>
  </datafield>
  <datafield tag="910" ind1=" " ind2=" ">
    <subfield code="a">NULL</subfield>
    <subfield code="b">NULL</subfield>
  </datafield>
  <datafield tag="911" ind1=" " ind2=" ">
    <subfield code="a">["1"]</subfield>
  </datafield>
  <datafield tag="912" ind1=" " ind2=" ">
    <subfield code="a">NO APLICA</subfield>
  </datafield>
  <datafield tag="913" ind1=" " ind2=" ">
    <subfield code="a">NULL</subfield>
  </datafield>
  <datafield tag="914" ind1=" " ind2=" ">
    <subfield code="a">29 de Mayo de 2010</subfield>
  </datafield>
  <datafield tag="915" ind1=" " ind2=" ">
    <subfield code="a">21/11/19 04:11</subfield>
  </datafield>
  <datafield tag="916" ind1=" " ind2=" ">
    <subfield code="a">NULL</subfield>
  </datafield>
  <datafield tag="917" ind1=" " ind2=" ">
    <subfield code="a">NULL</subfield>
  </datafield>
  <datafield tag="918" ind1=" " ind2=" ">
    <subfield code="a">NO APLICA</subfield>
  </datafield>
  <datafield tag="919" ind1=" " ind2=" ">
    <subfield code="a">["6","213","162"]</subfield>
  </datafield>
  <datafield tag="520" ind1=" " ind2=" ">
    <subfield code="a">El prop&#xF3;sito principal de este estudio consisti&#xF3; en conocer los m&#xE9;todos y t&#xE9;cnicas que poseen y utilizan los docentes de la Facultad de Ciencias Jur&#xED;dicas, Escuela de Derecho de la Universidad Central del Este (UCE) extensi&#xF3;n La Romana, per&#xED;odo mayo/agosto/ 2008. La investigaci&#xF3;n fue de tipo descriptiva con un dise&#xF1;o cuantitativo. Como instrumento de recolecci&#xF3;n de datos se utiliz&#xF3; el cuestionario.&#xA0;La muestra estuvo conformada por diez (10) profesores de la extensi&#xF3;n La Romana de la Universidad Central del Este y veinte (20) estudiantes de distintos semestres de la misma extensi&#xF3;n de La Romana.&#xA0;El estudio concluye, que el conocimiento que poseen los profesores de la Escuela de Derecho de la Universidad Central del Este, en la extensi&#xF3;n de la Romana, respecto de la metodolog&#xED;a de la ense&#xF1;anza-aprendizaje, evidentemente es d&#xE9;bil en relaci&#xF3;n con la alta calidad metodol&#xF3;gica que debe poseer cada profesor en materia de ense&#xF1;anza. La pr&#xE1;ctica empleada es tradicional, en materia de impartir docencia siguen el m&#xE9;todo tradicional antiguo de llenar pizarras, de dictar para que de igual modo, los estudiantes llenen sus cuadernos de informaciones que deber&#xE1;n estudiar y digerir despu&#xE9;s, dejando a un lado las m&#xE1;s actualizadas t&#xE9;cnicas de ense&#xF1;anza a trav&#xE9;s de la interrelaci&#xF3;n entre profesores y estudiantes y los debates abiertos sobre el tema en cuesti&#xF3;n.&#xA0;El estudio recomienda, que la Universidad Central del Este se aboque a impartir m&#xE1;s talleres sobre la nueva metodolog&#xED;a basada en el constructivismo como modelo de ense&#xF1;anza avanzado.</subfield>
  </datafield>
  <datafield tag="921" ind1=" " ind2=" ">
    <subfield code="a">2</subfield>
  </datafield>
  <datafield tag="922" ind1=" " ind2=" ">
    <subfield code="a">2</subfield>
  </datafield>
  <datafield tag="923" ind1=" " ind2=" ">
    <subfield code="a">0</subfield>
  </datafield>
  <datafield tag="924" ind1=" " ind2=" ">
    <subfield code="a">NO APLICA</subfield>
  </datafield>
  <datafield tag="942" ind1=" " ind2=" ">
    <subfield code="c">Tesis</subfield>
  </datafield>
  <datafield tag="999" ind1=" " ind2=" ">
    <subfield code="c">381</subfield>
    <subfield code="d">381</subfield>
  </datafield>
</record>
